| 000 | 00793nam a22002057a 4500 | ||
|---|---|---|---|
| 999 |
_c15468 _d15468 |
||
| 003 | AR-CdUCM | ||
| 008 | 190427b ||||| |||| 00| 0 spa d | ||
| 040 |
_aMUNICIPALIDAD PROVINCIAL DEL CUSCO _cBIBLIOTECA MUNICIPAL DEL CUSCO |
||
| 082 |
_a970.01 / _bI32 / |
||
| 100 |
_aImbelloni, José _934553 |
||
| 245 |
_aLa esfinge indiana : _bAntiguos y nuevos aspectos del problema de los orígenes americanos / |
||
| 260 |
_aBuenos Aires : _bEl Ateneo, _c1926. |
||
| 300 |
_a454 paginas ; _c23 cm. |
||
| 505 | _aContenido :Época heroica --La cronología fantástica --El aspecto arqueológico --El aspecto etnológico --El aspecto lingüístico ... | ||
| 650 |
_aAmerica _91348 |
||
| 650 |
_aHistoria _9136 |
||
| 650 |
_aArqueológica _934554 |
||
| 942 |
_2ddc _cLIBROS |
||
| 945 |
_arjall _d2019-04-27 |
||